Международное право: учебник

Opis bibliograficzny
1. autor: Шумилов В. М. Владимир Михайлович
Streszczenie:Учебник посвящен вопросам международного права и соответствует государственному образовательному стандарту по специальности «Юриспруденция». Содержание книги построено строго в логической последовательности с курсом учебной дисциплины. Учебник снабжен большим количеством примеров из международной практики и разбит на отдельные вопросы со сквозной нумерацией по всем главам. Использование новейшего практического материала и новейших научных подходов сделает более увлекательным процесс подготовки к семинарским занятиям, их проведение и освоение учебного курса. Для студентов, аспирантов, преподавателей юридических факультетов и вузов, а также обучающихся по специальности «Международные отношения».
Język:rosyjski
Wydane: Москва, Велби, 2007
Hasła przedmiotowe:
Format: MixedMaterials Książka
KOHA link:https://koha.lib.tpu.ru/cgi-bin/koha/opac-detail.pl?biblionumber=120096

MARC

LEADER 00000nam0a2200000 4500
001 120096
005 20231101215602.0
010 |a 5482014002 
010 |a 978-5-482-01400-4 
035 |a (RuTPU)RU\TPU\book\130022 
090 |a 120096 
100 |a 20070816d2007 m y0rusy50 ca 
101 0 |a rus 
102 |a RU 
105 |a y j 001zy 
200 1 |a Международное право  |e учебник  |f В. М. Шумилов 
210 |a Москва  |c Велби  |d 2007 
215 |a 488 с. 
320 |a Рекомендуемая литература: с. 455-482. 
330 |a Учебник посвящен вопросам международного права и соответствует государственному образовательному стандарту по специальности «Юриспруденция». Содержание книги построено строго в логической последовательности с курсом учебной дисциплины. Учебник снабжен большим количеством примеров из международной практики и разбит на отдельные вопросы со сквозной нумерацией по всем главам. Использование новейшего практического материала и новейших научных подходов сделает более увлекательным процесс подготовки к семинарским занятиям, их проведение и освоение учебного курса. Для студентов, аспирантов, преподавателей юридических факультетов и вузов, а также обучающихся по специальности «Международные отношения». 
451 1 |0 (RuTPU)RU\TPU\book\138420  |y 978-5-482-01788-3  |t Международное право  |o учебник  |f В. М. Шумилов  |c М.  |n Велби  |d 2008  |p 488 с.  |a Шумилов, Владимир Михайлович 
606 1 |a Международное право  |2 stltpush  |3 (RuTPU)RU\TPU\subj\41915  |9 61683 
610 1 |a право 
610 1 |a международное право 
610 1 |a теория 
610 1 |a история 
610 1 |a международное процессуальное право 
610 1 |a зарубежные концепции 
610 1 |a Германия 
610 1 |a Италия 
610 1 |a Америка 
610 1 |a учебники 
686 |a Х91я73  |v LBC/SL-A  |2 rubbk 
700 1 |a Шумилов  |b В. М.  |g Владимир Михайлович 
801 1 |a RU  |b 63413507  |c 20070816  |g PSBO 
801 2 |a RU  |b 63413507  |c 20191121  |g PSBO 
900 |a Международное право 
942 |c BK 
955 |b 030500  |b 030501  |b 030700  |b 030701 
959 |a 48/20070816  |d 2  |e 150,00  |f ЧЗГЛ:1  |f АНЛ:1